Catálogo de las Pinturas y Dibujos de la Colección Pani (Record no. 5238)
[ view plain ]
| 000 -CABECERA | |
|---|---|
| campo de control de longitud fija | 00825nam a2200253 a 4500 |
| 001 - NÚMERO DE CONTROL | |
| campo de control | BRCA_5544 |
| 005 - FECHA Y HORA DE LA ÚLTIMA TRANSACCIÓN | |
| campo de control | 20190320205126.0 |
| 008 - DATOS DE LONGITUD FIJA--INFORMACIÓN GENERAL | |
| campo de control de longitud fija | 280311s1981----mx-a######---#000-0#spa-# |
| 041 ## - CÓDIGO DE LENGUA | |
| Código de lengua del texto/banda sonora o título independiente | spa |
| 044 ## - CÓDIGO DEL PAÍS DE LA ENTIDAD EDITORA/PRODUCTORA | |
| Código MARC del país | mx |
| 050 #4 - SIGNATURA TOPOGRÁFICA DE LA BIBLIOTECA DEL CONGRESO | |
| Número de clasificación | N5230 |
| Número de documento/Ítem | .A85 1981 |
| 100 1# - ENTRADA PRINCIPAL--NOMBRE DE PERSONA | |
| Nombre de persona | Atl |
| Títulos y otros términos asociados al nombre | Dr. |
| Fechas asociadas al nombre | 1875-1964 |
| Forma completa/desarrollada del nombre | Gerardo Murillo |
| 9 (RLIN) | 14146 |
| 245 10 - MENCIÓN DE TÍTULO | |
| Título | Catálogo de las Pinturas y Dibujos de la Colección Pani |
| Mención de responsabilidad, etc. | Texto del Dr. Atl. |
| 260 ## - PUBLICACIÓN, DISTRIBUCIÓN, ETC. | |
| Lugar de publicación, distribución, etc. | México |
| Nombre del editor, distribuidor, etc. | UNAM |
| Fecha de publicación, distribución, etc. | 1981 |
| 300 ## - DESCRIPCIÓN FÍSICA | |
| Extensión | 55 p. |
| Otras características físicas | il., 142 láminas |
| Dimensiones | 17 cm. |
| 500 ## - NOTA GENERAL | |
| Nota general | Estado físico: libro deshojado, tapas rotas y desprendidas |
| 500 ## - NOTA GENERAL | |
| Nota general | F20 |
| 600 14 - PUNTO DE ACCESO ADICIONAL DE MATERIA--NOMBRE DE PERSONA | |
| Nombre de persona | Pani, Alberto J. |
| Fechas asociadas al nombre | 1878-1955 |
| Subdivisión general | Colecciones de arte |
| 9 (RLIN) | 14147 |
| 650 14 - PUNTO DE ACCESO ADICIONAL DE MATERIA--TÉRMINO DE MATERIA | |
| Término de materia o nombre geográfico como elemento de entrada | Pintura |
| Subdivisión de forma | Catálogos |
| 9 (RLIN) | 13336 |
| 650 14 - PUNTO DE ACCESO ADICIONAL DE MATERIA--TÉRMINO DE MATERIA | |
| Término de materia o nombre geográfico como elemento de entrada | Dibujo |
| Subdivisión de forma | Catálogos |
| Subdivisión geográfica | México |
| 9 (RLIN) | 14148 |
| 650 14 - PUNTO DE ACCESO ADICIONAL DE MATERIA--TÉRMINO DE MATERIA | |
| Término de materia o nombre geográfico como elemento de entrada | Coleccionistas y colecciones |
| 9 (RLIN) | 14149 |
| 902 ## - CATALOGADOR | |
| Iniciales | GFM |
| 942 ## - ELEMENTOS DE PUNTO DE ACCESO ADICIONAL (KOHA) | |
| Fuente del sistema de clasificación o colocación | Library of Congress Classification |
| Tipo de ítem Koha | Libros |
| Estado de retiro | Estado de pérdida | Estado dañado | No para préstamo | Localización permanente | Ubicación/localización actual | Fecha de adquisición | Número de inventario | Total de préstamos | Signatura topográfica completa | Código de barras | Fecha visto por última vez | Precio válido a partir de | Tipo de ítem Koha |
|---|---|---|---|---|---|---|---|---|---|---|---|---|---|
| El ejemplar forma parte de la colección y puede ser consultado según las políticas vigentes. | Biblioteca del Museo Franz Mayer (Rogerio Casas-Alatriste) | Biblioteca del Museo Franz Mayer (Rogerio Casas-Alatriste) | 09/02/2011 | F20 | N5230 .A85 1981 (F20) | 5980 | 22/03/2019 | 22/03/2019 | Libros |